| 000 | 01027 a2200241 4500 | ||
|---|---|---|---|
| 003 | Nust | ||
| 005 | 20221024102315.0 | ||
| 010 | _a 89035711 | ||
| 020 | _a8120307771 | ||
| 040 | _cNust | ||
| 082 | 0 | 0 | _a006.3,PAT |
| 100 | 1 |
_aPatterson, Dan W., _9101184 |
|
| 245 | 1 | 0 |
_aIntroduction to artificial intelligence and expert systems / _cDan W. Patterson. |
| 260 |
_aEnglewood Cliffs, N.J. : _bPrentice Hall, _cc1990. |
||
| 300 |
_axv, 448 p. : _bill. ; _c25 cm. |
||
| 505 | _aIntroduction to Artificial Intelligence (Page-1), Knowledge Representation (Page-47), Knowledge Organization and Manipulation (Page-167), Perception , Communications and Expert Systems (Page-227), Knowledge Acquisition (Page-357). | ||
| 650 | 0 | _aArtificial intelligence. | |
| 650 | 0 |
_aExpert systems (Computer science) _921983 |
|
| 740 | 0 | _aArtificial intelligence & expert systems. | |
| 740 | 0 | _aArtificial intelligence and expert systems. | |
| 740 | 0 | _aIntroduction to artificial intelligence & expert systems. | |
| 942 |
_2ddc _cBK _k006.3,PAT |
||
| 999 |
_c179706 _d179706 |
||